00396 2200157 4500001002100000008004100021035002000062245005600082100001900138250000600157260002700163084001400190082000800204650001400212990001200226INLIS000000000001577 ind  a0010-0125000075 aStandar Kompetensi Sertifikasi GurucDr. E. Mulyasa aDr. E. Mulyasa a1 aBandung :bRosdac2009 a370 MUL s a370 aNon Fiksi a0714427